000 00774nam a2200289Ia 4500
005 20260324123650.0
008 008 260324s9999 xx 000 0 eng d
020 _a9780203816790
037 _aEBOOK
040 _aCRL
040 _beng
040 _cCRL
041 _2eng
041 _aeng
084 _qCRL
100 _aRoderick M. Kramer; Geoffrey J. Leonardelli; Robert W. Livingston
_91171179
245 0 _aSocial Cognition, Social Identity, and Intergroup Relations
245 2 _bA Festschrift in Honor of Marilynn B. Brewer
260 _bTaylor and Francis
260 _c2011
365 _a
365 _b230
856 _uhttp://www.taylorfrancis.com/books/9780203816790
942 _cEBOOK
999 _c1764901
_d1764901